AC Chievo Verona Squad 2018-2019 - Statistics

General Stats
  • This quiz has been taken 15 times
  • The average score is 16 of 37
Answer Stats
# Position Nation Player % Correct
23 MF Slovenia Valter Birsa
85%
56 MF Finland Përparim Hetemaj
77%
1 GK Croatia Adrian Šemper
69%
22 MF Nigeria Joel Obi
69%
9 FW Poland Mariusz Stępiński
69%
40 DF Serbia Nenad Tomović
69%
69 FW Italy Riccardo Meggiorini
69%
31 FW Italy Sergio Pellissier
69%
17 MF Italy Emanuele Giaccherini
62%
27 DF Italy Fabio Depaoli
62%
20 FW Serbia Filip Đorđević
62%
8 MF Serbia Ivan Radovanović
62%
70 GK Italy Stefano Sorrentino
62%
11 FW Algeria Mehdi Léris
54%
16 GK Italy Andrea Seculin
46%
12 DF Slovenia Boštjan Cesar
46%
55 FW Italy Emanuel Vignato
46%
29 DF Italy Fabrizio Cacciatore
46%
- Coach Italy Gian Piero Ventura
46%
10 FW Italy Manuel Pucciarelli
46%
14 DF Italy Mattia Bani
46%
6 DF France Nicolas Frey
46%
- Coach Italy Domenico Di Carlo
38%
13 MF Morocco Sofian Kiyine
38%
5 DF Italy Federico Barba
31%
15 DF Italy Luca Rossettini
31%
4 MF Italy Nicola Rigoni
31%
44 DF Poland Paweł Jaroszyński
31%
7 FW Brazil Lucas Piazón
23%
2 DF Italy Ezequiel Schelotto
15%
- Coach Italy Lorenzo D'Anna
15%
8 MF Senegal Assane Dioussé
8%
21 MF Argentina Mauro Burruchaga
8%
25 FW Montenegro Sergej Grubač
8%
3 DF Serbia Strahinja Tanasijević
8%
33 DF Italy Marco Andreolli
0%
91 DF Italy Michele Rigione
0%
No matching quizzes found
Score Distribution
Percent of People with Each Score
Percentile by Number Answered
Your Score History
You have not taken this quiz